Психология личности. Принципы общепсихологического анализа: учебное пособие

Bibliografiset tiedot
Päätekijä: Асмолов А. Г. Александр Григорьевич
Kieli:venäjä
Julkaistu: Москва, Изд-во МГУ, 1990
Aiheet:
Aineistotyyppi: Kirja
KOHA link:https://koha.lib.tpu.ru/cgi-bin/koha/opac-detail.pl?biblionumber=37643

MARC

LEADER 00000nam0a2200000 4500
001 37643
005 20231101210438.0
010 |a 5211002210 
035 |a (RuTPU)RU\TPU\book\38233 
090 |a 37643 
100 |a 20020129d1990 m y0rusy50 ca 
101 0 |a rus 
102 |a RU 
105 |a y j 000zy 
200 1 |a Психология личности. Принципы общепсихологического анализа  |e учебное пособие  |f А. Г. Асмолов 
210 |a Москва  |c Изд-во МГУ  |d 1990 
215 |a 367 с. 
606 |a Психология личности  |2 stltpush  |3 (RuTPU)RU\TPU\subj\53136  |9 71486 
610 1 |a личность 
610 1 |a индивидуальность 
610 1 |a учебные пособия 
686 |a Ю937я73  |v LBC/SL-A  |2 rubbk 
700 1 |a Асмолов  |b А. Г.  |c российский психолог  |c член-корреспондент РАО  |f 1949-  |g Александр Григорьевич  |2 stltpush  |3 (RuTPU)RU\TPU\pers\16771  |9 6049 
801 1 |a RU  |b 63413507  |c 20020129  |g PSBO 
801 2 |a RU  |b 63413507  |c 20180208  |g PSBO 
942 |c BK